Material Production and GDP in Ukraine: Theoretical Concept and Financial Assessment

Analýza problémov týkajúcich sa vzájomného vzťahu medzi vývojom prioritných hospodárskych odvetví a udržateľného hospodárskeho rastu na Ukrajine. Predpokladá sa, že vývoj na makroekonomickej úrovni môže byť len v prípade, keď sa pozoruje pozitívna dynamika odvetví výroby materiálu. Zdrojový potenciá...

Full description

Saved in:
Bibliographic Details
Main Author: Sonko, Yuliia
Other Authors: Lazebna, Iryna, Lebedeva, Larysa
Format: Book Chapter
Language:English
Subjects:
Tags: Add Tag
No Tags, Be the first to tag this record!

MARC

LEADER 00000nla a2200000 4500
001 0242639
005 20220803161838.6
041 0 |a eng 
044 |a UA 
245 1 0 |a Material Production and GDP in Ukraine: Theoretical Concept and Financial Assessment  |c Yuliia Sonko, Iryna Lazebna, Larysa Lebedeva 
520 |a Analýza problémov týkajúcich sa vzájomného vzťahu medzi vývojom prioritných hospodárskych odvetví a udržateľného hospodárskeho rastu na Ukrajine. Predpokladá sa, že vývoj na makroekonomickej úrovni môže byť len v prípade, keď sa pozoruje pozitívna dynamika odvetví výroby materiálu. Zdrojový potenciál Ukrajiny umožňuje rozlíšiť dva hlavné sektory: poľnohospodárstvo a priemysel. 
610 2 0 |a priemysel 
610 2 0 |a materiály nové 
610 2 0 |a výroba 
610 2 0 |a poľnohospodárstvo 
610 2 0 |a makroekonomika 
610 2 0 |a rozvoj trvalo udržateľný 
610 2 0 |a rozvoj hospodársky 
610 2 0 |a produkt domáci hrubý 
610 2 0 |a Ukrajina 
100 1 |a Sonko, Yuliia 
700 1 |a Lazebna, Iryna 
700 1 |a Lebedeva, Larysa